Sobre imperialismo norteamericano.

Uloženo v:
Podrobná bibliografie
Hlavní autor: Jones, Gareth Stedman (autor)
Další autoři: Mandel, Ernest (autor) (autor), Kotz, David (autor) (autor), Nicolaus, Martín (autor) (autor)
Médium: Kniha
Jazyk:španělština
Témata:
Tagy: Přidat tag
Žádné tagy, Buďte první, kdo vytvoří štítek k tomuto záznamu!

MARC

LEADER 00000cam^a2200000uu^4500
001 000491913
005 20250521000000.0
008 050901s1971^^^^^^^^^^^^rd^r^^000^0^spa^d
009 20260310125427.275
035 |a FCE 000035171 
035 |a FCE 035209 
037 |a Acervo ITESO - Biblioteca 
041 |a spa 
082 0 4 |a 321.03  |b JONs 
100 |a Jones, Gareth Stedman  |e (autor) 
245 1 0 |a Sobre imperialismo norteamericano. 
264 |a Medellín :  |b Oveja Negra,  |c 1971. 
300 |a 123 p. 
336 |a texto  |b txt  |2 rdacontenido 
337 |a sin mediación  |b n  |2 rdamedio 
338 |a volumen  |b nc  |2 rdasoporte 
649 |a XX 
650 |a Capitalismo 
650 |a Perspectivas 
650 |a Imperialismo 
650 |a Problemas económicos 
650 |a Siglo veinte 
650 |a Clase obrera 
650 |a Estados Unidos 
700 |a Mandel, Ernest  |e (autor) 
700 |a Kotz, David  |e (autor) 
700 |a Nicolaus, Martín  |e (autor) 
910 |a Fondo Centro de Estudios Educativos 
920 |a Impresos - Libros 
930 |a Fondos Especiales 
905 |a 133 
901 |a ALE035209  |b IT2  |c CEE  |u 20250521 
902 |a https://opac.biblio.iteso.mx/vufind/Record/000491913